MARC

LEADER 00000nam0a2200000 4500
001 268443
005 20231101234152.0
035 |a (RuTPU)RU\TPU\book\291594 
090 |a 268443 
100 |a 20140903d1986 m y0rusy5003 ca 
101 0 |a rus 
102 |a RU 
105 |a a j 001zy 
200 1 |a Техническая термодинамика и теплопередача  |e учебник для вузов   |f В. И. Кушнырев, В. И. Лебедев, В. А. Павленко 
210 |a Москва  |c Стройиздат  |d 1986 
215 |a 464 с.  |c ил. 
320 |a Предм. указ.: с. 457-462 
606 1 |a Тепловые процессы  |x Динамика  |2 stltpush  |3 (RuTPU)RU\TPU\subj\59574  |9 77084 
610 1 |a техническая термодинамика 
610 1 |a теплопередача 
610 1 |a учебники 
610 1 |a теплоемкость 
610 1 |a термодинамические процессы 
610 1 |a тепловые двигатели 
610 1 |a холодильные установки 
610 1 |a теплообмен 
675 |a 621.1.016(075.8)  |z rus  |v 3 
700 1 |a Кушнырев  |b В. И.  |4 070 
701 1 |a Лебедев  |b В. И. 
701 1 |a Павленко  |b В. А. 
801 0 |a RU  |b RuMRKP  |c 19950417  |g psbo 
801 1 |a RU  |b 63413507  |c 20140903 
801 2 |a RU  |b 63413507  |c 20161013  |g RCR 
942 |c BK